La Constitution de la 6e République : Réconcilier les Français avec la démocratie (notice n° 1703104)

détails MARC
000 -LEADER
fixed length control field 01552cam a2200157 4500500
005 - DATE AND TIME OF LATEST TRANSACTION
control field 20260322000109.0
041 ## - LANGUAGE CODE
Language code of text/sound track or separate title fre
042 ## - AUTHENTICATION CODE
Authentication code dc
100 10 - MAIN ENTRY--PERSONAL NAME
Personal name Montebourg, Arnaud
Relator term author
245 00 - TITLE STATEMENT
Title La Constitution de la 6e République : Réconcilier les Français avec la démocratie
260 ## - PUBLICATION, DISTRIBUTION, ETC.
Name of publisher, distributor, etc. Odile Jacob,<br/>
Date of publication, distribution, etc. 2005.<br/>
520 ## - SUMMARY, ETC.
Summary, etc. « La défiance s’installe en France et entre les Français. Nous ne sommes plus capables de traiter les problèmes que la Nation doit surmonter, d’affronter les périls économiques et sociaux, de faire vivre les valeurs qui sont les nôtres.Parce que nous assistons à une sourde et lente décomposition du système politique, menacé par le poison du discrédit. Reconstruire la démocratie, réconcilier les Français avec leur système politique, faire correspondre davantage les choix politiques et la classe dirigeante qui les porte aux aspirations profondes de notre pays: la 6e République recherche l’harmonie entre les actes et les discours, la 6e République est une république résolument moderne! C’est la république telle que Pierre Mendès France l’avait rêvée. » A. M. et B. F.On trouvera ici le texte complet et commenté de la constitution pour une nouvelle république. Le document fondateur à partir duquel le débat public devra nécessairement s’organiser.
700 10 - ADDED ENTRY--PERSONAL NAME
Personal name Montebourg, Arnaud
Relator term author
700 10 - ADDED ENTRY--PERSONAL NAME
Personal name François, Bastien
Relator term author
856 41 - ELECTRONIC LOCATION AND ACCESS
Uniform Resource Identifier <a href="https://droit.cairn.info/la-constitution-de-la-6e-republique--9782738116864?lang=fr&redirect-ssocas=7080">https://droit.cairn.info/la-constitution-de-la-6e-republique--9782738116864?lang=fr&redirect-ssocas=7080</a>

Pas d'exemplaire disponible.

PLUDOC

PLUDOC est la plateforme unique et centralisée de gestion des bibliothèques physiques et numériques de Guinée administré par le CEDUST. Elle est la plus grande base de données de ressources documentaires pour les Étudiants, Enseignants chercheurs et Chercheurs de Guinée.

Adresse

627 919 101/664 919 101

25 boulevard du commerce
Kaloum, Conakry, Guinée

Réseaux sociaux

Powered by Netsen Group @ 2025